Un ville = un pays - Statistiques

Statistiques générales
  • Ce quiz a été pris 15 fois
  • Le résultat moyen est 3 sur 10
Statistiques - réponses
Question Réponse % Correct
Freudenstadt Allemagne
43%
Bilaspur Inde
43%
Ormidia Chypre
36%
Malanville Bénin
29%
Kelbadjar Azerbaïdjan
21%
Ruavatu Iles Salomon
21%
Pleiku Vietnam
21%
Serenje Zambie
21%
Al Jirab Émirats Arabes Unis
14%
Moa Cuba
7%
Aucun quiz correspondant
Distribution des résultats
% des personnes avec chaque résultat
Percentile par nombre de réponses
Votre historique - résultats
Vous n’avez pas pris ce quiz